| 000 | 00898cam a2200313 4500 | ||
|---|---|---|---|
| 001 | M2311 | ||
| 008 | 090401t1996 xxu||||| |||| 00| 0 eng d | ||
| 035 | _a(Sirsi) u37740 | ||
| 041 | _aeng | ||
| 050 | _a333.330947 | ||
| 110 | _aFederation International Des Geometres | ||
| 245 | _aLand management in the process of transition : a one day seminar at the annual meeting of Commission 7 of the International Federation of Surveyors (FIG) : conference proceedings, 18th June 1996, Budapest, Hungary. | ||
| 260 |
_aBudapest _bFIG _c1996 |
||
| 300 | _a89p. ; 30cm. | ||
| 350 | _a0 | ||
| 650 | _aCADASTRE | ||
| 650 | _aCZECH REPUBLIC | ||
| 650 | _aEUROPE | ||
| 650 | _aHUNGARY | ||
| 650 | _aLAND MANAGEMENT | ||
| 650 | _aLAND REFORM | ||
| 650 | _aLATVIA | ||
| 650 | _aPOLAND | ||
| 650 | _aSLOVAKIA | ||
| 650 | _aSLOVENIA | ||
| 690 | _aLAND | ||
| 942 | _n0 | ||
| 948 | _c04/03/1997 | ||
| 999 |
_c90540 _d90540 |
||